France football 2025 winners - Statistics

General Stats
  • This quiz has been taken 23 times
  • The average score is 6 of 13
Answer Stats
Hint Answer % Correct
Ballon d'Or (MEN) Ousmane Dembele
100%
Ballon d'Or (WOMEN) Aitana Bonmati
86%
Yashin Trophy (MEN) Gianluigi Donnarumma
81%
Kopa Trophy (MEN) Lamine Yamal
81%
Club of the Year (MEN) Paris Saint-Germain
81%
Club of the year (WOMEN) Arsenal
57%
Gerd Muller Trophy (MEN) Viktor Gyökeres
57%
Johan Cruyff Trophy (MEN) Luis Enrique
38%
Kopa Trophy (WOMEN) Vicky Lopez
19%
Gerd Muller Trophy (WOMEN) Ewa Pajor
14%
Johan Cruyff Trophy (WOMEN) Sarina Wiegman
10%
Yashin Trophy (WOMEN) Hannah Hampton
5%
Socrates Award Fundacion Xana
0%
No matching quizzes found
Score Distribution
Percent of People with Each Score
Percentile by Number Answered
Your Score History
You have not taken this quiz